Farben des Regenbogens - Statistiken

Allgemein
  • Dieses Quiz wurde 92 mal gespielt
  • Das Durchschnittsergebnis liegt bei 4 aus 7
Antworten auf der Karte
Die Antworten werden auf der Karte rot bzw. grün angezeigt, abhängig davon wie oft sie richtig erraten wurden.
 
Antwortstatistiken
Farbe % Korrekt
rot
98%
orange
88%
gelb
84%
grun
78%
blau
75%
violett
13%
indigo
9%
Keine übereinstimmenden Quizze gefunden
Verteilung der Resultate
Anzahl Personen mit jedem Resultat
Perzentil nach korrekt beantworteten Fragen
Ihre Resultats-Entwicklung
Sie haben dieses Quiz noch nicht gespielt